00677 2200229 4500001002100000005001700021008004100038035002400079082001100103090002100114100001500135245012900150250001100279260003900290300001800329650002500347700001900372700002000391850001500411985000600426999001500432YOGYA-0209000002831020090227024223.0 ind  0010-020900000028310 a297.63 a297.63bGah KlT aAL-GAHTANI aKepada wanita Islam dan potret wanita di balik citra moderncAl Gahtani; penerjemah Saleh Mahfood; penyunting Harry Muhammad aCet. 2 aSurabayabPustaka Progressifc1991 a44 hlmc18 cm aIslam - karir wanita aMahfoud, Saleh aMuhammad, Herry aYOPDYOG(B) a1 a93P0040579